1298 1375 1972 1454 1572 1754 1482 1631 1472 1482 1361 1570 1326 1005 1212 1609 1420 1851 1184 1548 1886 1140 1466 1505 1190 1921 1746 1622 1389 1616 1057 1111 1208 1870 1267 1149 1720 1521 1060 1123 1011 1803 1534 1829 1051 1524 1670 1586 1598 1271 1874 1017 1710 1779 1564 1020 1946 1333 1248 1403 1607 1409 1563 1155 1451 1026 1847 1918 1583 1326 1598 1722 1171 1023 1216 1720 1353 1100 1124 1078 1682 1900 1148 1085 1513 1878 1760 1654 1654 1350 1103 1695 1199 1373 1050 1899 1556 1262 1614 BCNSPRNW ULIB Ver.6.0+V

เปลี่ยนเป็นภาษาไทย

Change to English
 แสดงรายละเอียดบรรณานุกรม
  กลับหน้าหลัก

Brief Record : Get Marc (ISO 2709) : E-mail record : QR code < ปิดหน้าต่าง
LEADER : 00000nam 2200000uu 4500
001    13399113528
003     ULIB
008    110627s2000||||th 000 0 tha d
020    0439139597
090    นว.^bR884H ล.4 2000
100 0  Rowling J.K.
245 00 Harry potter and the goblet of fire/^cRowling J.K.
250    พิมพ์ครั้งที่ 1
260    New York :^bA.A. Levine Books,^c2000
300    734 หน้า
710 1  นานมีบุ๊คส์
945    ^p0^l0^i021843
995    ทศพร
999 ^a ใช้งานได้ทุกระบบ
รายการนี้ยังไม่มีแท็ก
คุณยังไม่ได้ล็อกอิน คุณสามารถมีกิจกรรมร่วมกับเว็บไซต์ได้ แต่ต้องล็อกอินก่อน ::
  ล็อกอิน

รายการสื่อสารสนเทศ

ลำดับที่ ประเภท เลขเรียก/บาร์โค้ด สถานที่ สถานะ
1. นวนิยาย
นวนิยาย
นว. R884H ล.4 2000 ฉ.1 
  Barcode: 021843
ห้องสมุดวิทยาเขตสวรรค์ประชารักษ์
►นวนิยาย
บนชั้น
  ขอยืม

รายการใกล้เคียง
    ผู้แต่ง [Rowling J.K.]

BibComment


ยังไม่เคยถูกคอมเมนท์

คอมเมนท์ทรัพยากรรายการนี้
  คอมเมนท์: Harry potter and ..


 Copyright 2026. Bcnsprnw @Library